El Consejo de Estado / Antonio Pérez Hernández
Descripción Física:
130 p. ; 21 cm
Colección:
Estudios administrativos ; 26
Materias:
Espanya. Consejo de Estado
MARC
| LEADER | 00000nam a2200000Ia 4500 | ||
|---|---|---|---|
| 001 | 221 | ||
| 008 | 160829s1965 xx 000 0 cat d | ||
| 080 | |a M-4-150 | ||
| 100 | |a Pérez Hernández, Antonio |9 25246 | ||
| 245 | |a El Consejo de Estado / Antonio Pérez Hernández | ||
| 260 | |a Madrid : |b Centro de Formación y Perfeccionamiento de Funcionarios, |c 1965 | ||
| 300 | |a 130 p. ; |c 21 cm | ||
| 490 | |a Estudios administrativos ; 26 | ||
| 590 | |a Inclou legislació | ||
| 650 | |a Espanya. Consejo de Estado |9 23235 | ||
| 710 | 2 | |a Centro de Formación y Perfeccionamiento de Funcionarios (Alcalá de Henares, Madrid) |9 54841 | |
| 901 | |a Arxiu | ||
| 942 | |n 1 | ||
| 952 | |0 0 |1 0 |4 0 |6 M4150 |7 1 |9 43521 |a Arxiu |b Arxiu |d 2016-12-01 |l 0 |o M-4-150 |p 221 |r 2016-12-01 00:00:00 |w 2016-12-01 |y ARXIU | ||
| 999 | |c 46067 |d 46067 | ||